00421nam a2200145 450000500170000000800410001702000180005808200190007610000210009524500820011625000120019826000400021030000090025065000160025920260511100543.0260511b |||||||| |||| 00| 0 eng d a9780199957699 a174.915bKOO-E aKoocher P.Gerald aEthics In Psychology And The Mental Health Professions bStandards And Cases  a4th Ed  aNew York bOxford University Press  a654p aPsychology